00218nam a2200085Ia 4500008004100000100001600041245003300057260003300090300000900123190216s9999||||xx |||||||||||||| ||und|| aDas Gupta N 0aFinancial Reporting In India bShivlal Agarwala & Comc1987 a272p